| 000 | 01473nam a2200361 c 4500 | ||
|---|---|---|---|
| 003 | BLK | ||
| 005 | 20180422110328.0 | ||
| 008 | 180409b bul|||||r ||||||| ||bul|| | ||
| 010 | _aKNG00121177000 | ||
| 040 | _aBLK | ||
| 041 |
_aBUL _cBUL |
||
| 080 |
_aФотографска техника и процеси. Вж и 771 _b77.02 _x(035) _z77.02(035) |
||
| 100 | 1 |
_aФритче, Курт _eпърви автор _9135042 |
|
| 700 | 1 |
_aБърнев, Панайот Михайлов _eпрев. от нем. _9376314 |
|
| 700 | 1 |
_aПавлов, Павел Н. _eпрев. от нем. _9314265 |
|
| 139 |
_aФритче, Курт _bФ 83 |
||
| 245 | 1 | 0 |
_aДа фотографираме без грешка _cКурт Фритче; прев. от нем. Панайот Михайлов Бърнев; прев. от нем. Павел Н. Павлов. |
| 250 | _a2. изд. | ||
| 257 | _aDEU | ||
| 260 |
_аСофия _bТехника _c1979 |
||
| 300 |
_a319 с. _bс ил. _c21 см |
||
| 380 | _a7 | ||
| 500 | _aАзб. показалуц. | ||
| 650 | 4 |
_aФотография _9175953 |
|
| 650 | 4 |
_aФотография - наръчници и ръководства _9258492 |
|
| 653 | _aфотография | ||
| 653 | _aръководства | ||
| 852 | _aЦб 98158 | ||
| 856 | 4 |
_qpdf _u |
|
| 856 | 4 |
_qpdf _u |
|
| 942 |
_cKNG _n0 |
||
| 944 |
_aCR _c04.02.2011 _lдобави в АБ / 03.02.2011 _kИрена_Линкова |
||
| 944 |
_aED _c25.09.2015 _lдобави в АБ / 03.02.2011 _kКамелия_Данева |
||
| 999 |
_c115689 _d115689 |
||